000 00594nam a2200217Ia 4500
008 180523s9999 xx 000 0 und d
020 _a81-7179-802-2
050 _aMAIN RA 976
050 _b.M64 2001
100 _aMogli, GD.
245 0 _aMedical records organization and management /
245 0 _cG.D. Mogli.
260 _aNew Delhi :
260 _bJaypee Brothers Medical Publishers,
260 _c2001
300 _a404 pages :
300 _c22 cm.
500 _aIncludes bibliographical references and index.
650 _aMedical records.
650 _xMedical protocols.
999 _c357624
_d357624